000 01061nam a22002891i 4500
003 OSt
005 20200928105307.0
008 200910s2015 su e 000 f ara d
020 _cRM15.00
_qpaperback
_a9789772554560
040 _aPPAK
_beng
_cPPAK
_erda
082 0 4 _223
_a297.12543
090 0 0 _a297.12543
_bABI
_dG
100 1 _6880-01
_a Abi Isa Al-Tarmizi
_eauthor.
_cAl-Imam
245 1 0 _6880-02
_aASSHAMAYIL Al-MUHAMMADIYAH /
_cAl-Imam Abi Isa Al-Tarmizi
264 1 _aCairo, Egypt :
_bAlsahoh Publication and Distribution,
_c2015.
300 _a264 pages ;
_c17 cm.
336 _2rdacontent
_atext
337 _2rdamedia
_aunmediated
338 _2rdacarrier
_avolume
546 _aIn Arabic.
600 1 _aAl-Tirmidhi, Muhammad ibn Isa,
_dd. 892
_xHadith
650 1 0 _aHadith (Shiites)
_xCriticism, interpretation, etc.
880 1 _6100-01
_aأبي عيسى الترمذي
880 1 0 _6245-02
_aالشمائل المحمدية
880 1 0 _6264 : 03
_aالقاهرة
_b: دار الصحوة للنشر والتوزيع
_c2015.
942 _2ddc
_cB
999 _c178936
_d178936